[Event "BCF-chT4S 1920 (4NCL)"]
[Site "England"]
[Date "2020.02.08"]
[Round "5.71"]
[White "Taylor, Mark V"]
[Black "Bennett, Max"]
[Result "1/2-1/2"]
[WhiteElo "1928"]
[BlackElo "1982"]
[PlyCount "36"]
[EventDate "2019.11.09"]
[EventType "team-swiss"]
[EventRounds "11"]
[EventCountry "ENG"]
[SourceTitle "EXT 2022"]
[Source "ChessBase"]
[SourceDate "2021.10.06"]
[SourceVersion "1"]
[SourceVersionDate "2021.10.06"]
[SourceQuality "1"]
[WhiteTeam "Crowthorne II"]
[BlackTeam "Sussex Martlets III"]
[WhiteTeamCountry "ENG"]
[BlackTeamCountry "ENG"]

1. d4 Nf6 2. c4 e6 3. Nf3 b6 4. g3 Ba6 5. b3 Bb4+ 6. Bd2 Be7 7. Nc3 d5 8. Bg2 Nbd7 9. cxd5 exd5 10. 0-0 c6 11. Re1 0-0 12. Qc2 Rc8 13. Rad1 h6 14. e4 dxe4 15. Nxe4 Nxe4 16. Qxe4 Bd6 17. Nh4 Nf6 18. Qf3 Nd5 1/2-1/2

[Event "BCF-chT4S 1920 (4NCL)"]
[Site "England"]
[Date "2020.01.11"]
[Round "3.72"]
[White "Rosenbaum, Danny"]
[Black "Taylor, Mark V"]
[Result "0-1"]
[WhiteElo "1772"]
[BlackElo "1928"]
[PlyCount "50"]
[EventDate "2019.11.09"]
[EventType "team-swiss"]
[EventRounds "11"]
[EventCountry "ENG"]
[SourceTitle "EXT 2022"]
[Source "ChessBase"]
[SourceDate "2021.10.06"]
[SourceVersion "1"]
[SourceVersionDate "2021.10.06"]
[SourceQuality "1"]
[WhiteTeam "Iceni III"]
[BlackTeam "Crowthorne II"]
[WhiteTeamCountry "ENG"]
[BlackTeamCountry "ENG"]

1. d4 e6 2. Nf3 f5 3. g3 Nf6 4. Bg2 Be7 5. c4 0-0 6. Nc3 a5 7. 0-0 d6 8. Re1 Ne4 9. d5 Nxc3 10. bxc3 e5 11. Bd2 Na6 12. Qc1 h6 13. h3 Nc5 14. Qc2 Bd7 15. Nh2 Qe8 16. e4 Nxe4 17. Rxe4 fxe4 18. Bxe4 Qh5 19. Bg2 Bxh3 20. Re1 Bxg2 21. Kxg2 Rxf2+ 22. Kxf2 Qxh2+ 23. Kf3 Rf8+ 24. Ke4 Qxg3 25. Qc1 Qf3# 0-1

[Event "Guernsey op 45th"]
[Site "Vale"]
[Date "2019.10.25"]
[Round "6"]
[White "Taylor, Mark V"]
[Black "Morcom, Huw"]
[Result "1/2-1/2"]
[WhiteElo "1921"]
[BlackElo "1906"]
[PlyCount "47"]
[EventDate "2019.10.20"]
[EventType "swiss"]
[EventRounds "7"]
[EventCountry "GCI"]
[SourceTitle "EXT 2021"]
[Source "ChessBase"]
[SourceDate "2020.10.23"]
[SourceVersion "1"]
[SourceVersionDate "2020.10.23"]
[SourceQuality "1"]

1. d4 Nf6 2. Nc3 d6 3. e4 g6 4. Bg5 Bg7 5. Qd2 h6 6. Bh4 c6 7. f3 b5 8. Bd3 a6 9. Nge2 Nbd7 10. 0-0 Qb6 11. Bf2 Qc7 12. a4 Bb7 13. Nd1 Rc8 14. Ne3 0-0 15. c3 Qb6 16. Bc2 Qc7 17. Ng3 e5 18. Bb3 c5 19. Rac1 c4 20. Ba2 Nb6 21. axb5 axb5 22. Nc2 Rfd8 23. d5 Nbd7 24. Nb4 1/2-1/2

[Event "BCF-chT3S 1819 (4NCL) Demotion pool"]
[Site "England"]
[Date "2019.05.05"]
[Round "10.56"]
[White "Taylor, Mark V"]
[Black "Gibson, Christopher A"]
[Result "0-1"]
[WhiteElo "1911"]
[BlackElo "1887"]
[PlyCount "50"]
[EventDate "2019.04.14"]
[EventType "team-tourn"]
[EventRounds "11"]
[EventCountry "ENG"]
[SourceTitle "EXT 2021"]
[Source "ChessBase"]
[SourceDate "2020.10.23"]
[SourceVersion "1"]
[SourceVersionDate "2020.10.23"]
[SourceQuality "1"]
[WhiteTeam "Leeds University Old Boys"]
[BlackTeam "The Rookies"]
[WhiteTeamCountry "ENG"]
[BlackTeamCountry "ENG"]

1. d4 Nf6 2. c4 g6 3. Nc3 Bg7 4. e4 d6 5. Nf3 0-0 6. h3 e5 7. d5 Nh5 8. Nh2 Na6 9. Be2 Nf4 10. Bf3 Nc5 11. Be3 Nfd3+ 12. Ke2 Nxb2 13. Qc2 Nxc4 14. Bxc5 dxc5 15. Nb5 Nd6 16. Qxc5 Nxb5 17. Qxb5 f5 18. Qc4 Kh8 19. Rac1 c6 20. dxc6 bxc6 21. Qa4 fxe4 22. Bxe4 Rxf2+ 23. Kxf2 Qd2+ 24. Kf3 Ba6 25. Rcf1 Qf4# 0-1

[Event "BCF-chT3Sa 1819 (4NCL)"]
[Site "England"]
[Date "2019.02.10"]
[Round "6.36"]
[White "Taylor, Mark V"]
[Black "Lundback, Anders"]
[Result "1-0"]
[WhiteElo "1899"]
[BlackElo "1812"]
[PlyCount "77"]
[EventDate "2018.11.17"]
[EventType "team-tourn"]
[EventRounds "7"]
[EventCountry "ENG"]
[SourceTitle "EXT 2021"]
[Source "ChessBase"]
[SourceDate "2020.10.23"]
[SourceVersion "1"]
[SourceVersionDate "2020.10.23"]
[SourceQuality "1"]
[WhiteTeam "Leeds University Old Boys"]
[BlackTeam "Fermented Sharks"]
[WhiteTeamCountry "ENG"]
[BlackTeamCountry "ENG"]

1. f4 d5 2. Nf3 c5 3. e3 Nc6 4. Be2 Nf6 5. 0-0 Bg4 6. c4 d4 7. Ne5 Bxe2 8. Qxe2 Qc7 9. Nxc6 Qxc6 10. exd4 cxd4 11. d3 g6 12. Na3 Bg7 13. Bd2 0-0 14. Nc2 Qd7 15. Rae1 Rfe8 16. Qf3 a5 17. b3 b6 18. f5 Rad8 19. fxg6 hxg6 20. Bg5 Rf8 21. h3 Qd6 22. Bf4 Qd7 23. Be5 Nh5 24. Bxg7 Nxg7 25. Re4 Nf5 26. g4 Nd6 27. Rxd4 e5 28. Rd5 Rde8 29. Qg3 Qe7 30. Re1 f6 31. d4 Nf7 32. dxe5 Nxe5 33. g5 Qf7 34. Rf1 Nd7 35. gxf6 Nxf6 36. Rg5 Kg7 37. Nd4 Kh7 38. Qh4+ Kg8 39. Qh6 1-0

[Event "Guernsey op 44th"]
[Site "Vale"]
[Date "2018.10.27"]
[Round "7"]
[White "Taylor, Mark V"]
[Black "Gravett, Alan David"]
[Result "1/2-1/2"]
[WhiteElo "1933"]
[BlackElo "1821"]
[PlyCount "29"]
[EventDate "2018.10.21"]
[EventType "swiss"]
[EventRounds "7"]
[EventCountry "GCI"]
[SourceTitle "CBM 187 Extra"]
[Source "ChessBase"]
[SourceDate "2018.11.04"]
[SourceVersion "1"]
[SourceVersionDate "2018.11.04"]
[SourceQuality "1"]

1. d4 Nf6 2. Nc3 d5 3. Bg5 Bf5 4. f3 Nc6 5. e3 e6 6. Bb5 Be7 7. Nge2 0-0 8. Bd3 Bxd3 9. cxd3 Ne4 10. Bf4 Nxc3 11. bxc3 Bg5 12. 0-0 Bxf4 13. Nxf4 Ne7 14. e4 Qd6 15. Ne2 1/2-1/2

[Event "Guernsey op 43rd"]
[Site "Vale"]
[Date "2017.10.19"]
[Round "5"]
[White "Taylor, Mark V"]
[Black "Prill, Gerhard"]
[Result "1/2-1/2"]
[WhiteElo "2015"]
[BlackElo "1948"]
[PlyCount "48"]
[EventDate "2017.10.15"]
[EventType "swiss"]
[EventRounds "7"]
[EventCountry "GCI"]
[SourceTitle "CBM 181 Extra"]
[Source "ChessBase"]
[SourceDate "2017.12.12"]
[SourceVersion "1"]
[SourceVersionDate "2017.12.12"]
[SourceQuality "1"]

1. d4 Nf6 2. Nc3 d5 3. Bg5 c6 4. f3 Qa5 5. e3 Qb4 6. a3 Qb6 7. Bd3 Nbd7 8. Nge2 g6 9. Qd2 Qxb2 10. 0-0 Qb6 11. Rab1 Qa5 12. e4 Qd8 13. e5 Nh5 14. f4 f6 15. exf6 Ndxf6 16. f5 Qd6 17. fxg6 Ng4 18. Nf4 Bg7 19. Be2 hxg6 20. Bxg4 Bxg4 21. Rxb7 Nf6 22. h3 Bc8 23. Rbb1 Bf5 24. Rb7 Bc8 1/2-1/2

[Event "Guernsey op 43rd"]
[Site "Vale"]
[Date "2017.10.18"]
[Round "4"]
[White "Rowe, Oliver"]
[Black "Taylor, Mark V"]
[Result "0-1"]
[WhiteElo "1634"]
[BlackElo "2015"]
[PlyCount "76"]
[EventDate "2017.10.15"]
[EventType "swiss"]
[EventRounds "7"]
[EventCountry "GCI"]
[SourceTitle "CBM 181 Extra"]
[Source "ChessBase"]
[SourceDate "2017.12.12"]
[SourceVersion "1"]
[SourceVersionDate "2017.12.12"]
[SourceQuality "1"]

1. d4 e6 2. Bf4 Nf6 3. e3 b6 4. Nf3 Bb7 5. Be2 d6 6. 0-0 Be7 7. h3 Nbd7 8. Nbd2 0-0 9. Re1 Re8 10. Bh2 Bf8 11. Nc4 Bd5 12. Ncd2 e5 13. c4 Bb7 14. d5 a5 15. e4 g6 16. Qc2 Bg7 17. Bf1 Rf8 18. a3 Nh5 19. b4 f5 20. b5 Nc5 21. Bd3 Bc8 22. Nb3 fxe4 23. Bxe4 Nxb3 24. Qxb3 Nf4 25. Bxf4 Rxf4 26. a4 Qf6 27. Ra2 Qe7 28. Qd3 Bd7 29. Rb2 Raf8 30. Rc1 Bh6 31. Rc3 Qg7 32. Nh2 Bf5 33. Bxf5 gxf5 34. Qg3 Rd4 35. Qxg7+ Kxg7 36. Re2 Kf6 37. Re1 Bd2 38. Rd1 Bxc3 0-1

[Event "BCF-chT3S 1617 (4NCL) Promotion pool"]
[Site "England"]
[Date "2017.04.30"]
[Round "10.44"]
[White "Taylor, Mark V"]
[Black "Smith, Graham M"]
[Result "1-0"]
[WhiteElo "2000"]
[BlackElo "2011"]
[PlyCount "83"]
[EventDate "2016.11.26"]
[EventType "team-tourn"]
[EventRounds "11"]
[EventCountry "ENG"]
[SourceTitle "EXT 2019"]
[Source "ChessBase"]
[SourceDate "2018.10.10"]
[SourceVersion "1"]
[SourceVersionDate "2018.10.10"]
[SourceQuality "1"]
[WhiteTeam "Leeds University Old Boys"]
[BlackTeam "MK Phoenix"]
[WhiteTeamCountry "ENG"]
[BlackTeamCountry "ENG"]

1. d4 e6 2. c4 Bb4+ 3. Nd2 Nf6 4. a3 Be7 5. e4 d5 6. e5 Nfd7 7. Bd3 c5 8. Ngf3 Nc6 9. 0-0 0-0 10. Re1 f5 11. cxd5 exd5 12. Qc2 g6 13. e6 Nf6 14. dxc5 Ne4 15. b4 Bxe6 16. Bb2 a6 17. Rad1 Qc7 18. Nb3 Bf6 19. Nbd4 Bf7 20. Nxc6 Bxb2 21. Qxb2 bxc6 22. Nd4 Rfb8 23. Rc1 a5 24. f3 axb4 25. axb4 Ra4 26. b5 Qe5 27. fxe4 Qxd4+ 28. Qxd4 Rxd4 29. Bf1 dxe4 30. b6 Bb3 31. Rc3 Be6 32. Ra1 Bc8 33. Ra7 Bb7 34. Bc4+ Kg7 35. Ba6 Rd7 36. Bxb7 Rbxb7 37. Rxb7 Rxb7 38. Ra3 Kf6 39. Ra7 Rb8 40. Rc7 e3 41. Rxc6+ Ke5 42. Kf1 1-0

[Event "Guernsey op 42nd"]
[Site "Vale"]
[Date "2016.10.16"]
[Round "1"]
[White "Taylor, Mark V"]
[Black "Gravett, Alan David"]
[Result "1-0"]
[WhiteElo "2031"]
[BlackElo "1844"]
[PlyCount "39"]
[EventDate "2016.10.16"]
[EventType "swiss"]
[EventRounds "7"]
[EventCountry "GCI"]
[SourceTitle "CBM 175 Extra"]
[Source "ChessBase"]
[SourceDate "2016.12.12"]
[SourceVersion "1"]
[SourceVersionDate "2016.12.12"]
[SourceQuality "1"]

1. d4 Nf6 2. Nc3 c5 3. d5 d6 4. e4 g6 5. Be2 Bg7 6. Nf3 0-0 7. 0-0 e6 8. Nd2 a6 9. a4 exd5 10. exd5 Re8 11. a5 Bf5 12. Nc4 Ne4 13. Ra3 Nxc3 14. bxc3 Qe7 15. Nb6 Qxe2 16. Qxe2 Rxe2 17. Nxa8 Rxc2 18. Re1 Bxc3 19. Rxc3 Rxc3 20. Re8+ 1-0

[Event "Guernsey op 41st"]
[Site "Vale"]
[Date "2015.10.23"]
[Round "6"]
[White "Taylor, Mark V"]
[Black "Sikkel, Dirk"]
[Result "1/2-1/2"]
[WhiteElo "2053"]
[BlackElo "1937"]
[PlyCount "65"]
[EventDate "2015.10.18"]
[EventType "swiss"]
[EventRounds "7"]
[EventCountry "GCI"]
[SourceTitle "EXT 2017"]
[Source "ChessBase"]
[SourceDate "2016.10.25"]
[SourceVersion "1"]
[SourceVersionDate "2016.10.25"]
[SourceQuality "1"]

1. b3 d5 2. Bb2 Nf6 3. f4 Bf5 4. Nf3 e6 5. e3 Be7 6. Be2 0-0 7. 0-0 Nfd7 8. Nd4 Bg6 9. f5 exf5 10. Nxf5 Bf6 11. Bxf6 Nxf6 12. Bd3 Nbd7 13. Nc3 Ne5 14. Ne2 Nxd3 15. cxd3 Qd7 16. Neg3 c6 17. Rf4 Ne8 18. Qg4 Rd8 19. Qh4 f6 20. Raf1 Nd6 21. Nxd6 Qxd6 22. Nf5 Bxf5 23. Rxf5 Rde8 24. Qa4 a6 25. d4 Re4 26. Qa5 g6 27. R5f3 f5 28. b4 Rc8 29. Qc5 Qc7 30. a4 Ree8 31. Rc1 b6 32. Qc3 Qd7 33. Qb3 1/2-1/2

[Event "Guernsey op 41st"]
[Site "Vale"]
[Date "2015.10.21"]
[Round "4"]
[White "Taylor, Mark V"]
[Black "Kirby, Peter J"]
[Result "1/2-1/2"]
[WhiteElo "2053"]
[BlackElo "1977"]
[PlyCount "39"]
[EventDate "2015.10.18"]
[EventType "swiss"]
[EventRounds "7"]
[EventCountry "GCI"]
[SourceTitle "EXT 2017"]
[Source "ChessBase"]
[SourceDate "2016.10.25"]
[SourceVersion "1"]
[SourceVersionDate "2016.10.25"]
[SourceQuality "1"]

1. f4 c5 2. Nf3 g6 3. g3 Bg7 4. Bg2 Nc6 5. 0-0 d6 6. d3 e6 7. e4 Nge7 8. c3 0-0 9. Be3 b6 10. Nbd2 e5 11. Qc2 Be6 12. Rad1 Rc8 13. Ng5 Bd7 14. Ndf3 h6 15. Nh3 Be6 16. Nf2 Qd7 17. b3 Nd4 18. Qd2 Nxf3+ 19. Bxf3 Kh7 20. Bg2 1/2-1/2

[Event "BCF-chT3S 1415 (4NCL)"]
[Site "England"]
[Date "2015.02.14"]
[Round "5.119"]
[White "Taylor, Mark V"]
[Black "Lamont, Richard"]
[Result "1/2-1/2"]
[WhiteElo "2068"]
[BlackElo "1894"]
[PlyCount "94"]
[EventDate "2014.11.15"]
[EventType "team-swiss"]
[EventRounds "6"]
[EventCountry "ENG"]
[SourceTitle "EXT 2016"]
[Source "ChessBase"]
[SourceDate "2015.10.08"]
[SourceVersion "1"]
[SourceVersionDate "2015.10.08"]
[SourceQuality "1"]
[WhiteTeam "Leeds University Old Boys"]
[BlackTeam "Anglian Avengers II"]
[WhiteTeamCountry "ENG"]
[BlackTeamCountry "ENG"]

1. d4 Nf6 2. Nc3 d5 3. Bg5 c6 4. e3 Bf5 5. Bd3 Bxd3 6. cxd3 Qb6 7. Qe2 Nbd7 8. Nf3 e6 9. 0-0 h6 10. Bh4 Be7 11. Rfc1 Qa6 12. Qd1 b6 13. Rab1 Qb7 14. b4 Ng8 15. Bg3 h5 16. h3 g5 17. Ne5 Nxe5 18. Bxe5 f6 19. Bh2 f5 20. Be5 Nf6 21. e4 g4 22. h4 Rg8 23. exf5 exf5 24. Qe2 Kf7 25. b5 c5 26. dxc5 bxc5 27. Na4 Nd7 28. Bg3 Rae8 29. Qd2 Rg6 30. Re1 Nf8 31. Re5 Qd7 32. b6 Qxa4 33. b7 Nd7 34. Rxf5+ Kg8 35. b8Q Nxb8 36. Rxb8 Rxb8 37. Bxb8 Bxh4 38. Rxh5 g3 39. fxg3 Qd4+ 40. Qf2 Bf6 41. Qxd4 Bxd4+ 42. Kf1 Ra6 43. Rxd5 Rxa2 44. Rd8+ Kf7 45. Rd7+ Ke6 46. Rxa7 Rf2+ 47. Ke1 Rxg2 1/2-1/2

[Event "Guernsey op 40th"]
[Site "Vale"]
[Date "2014.10.19"]
[Round "1"]
[White "Ippel, Cornelius J"]
[Black "Taylor, Mark V"]
[Result "1/2-1/2"]
[WhiteElo "1891"]
[BlackElo "2061"]
[PlyCount "65"]
[EventDate "2014.10.19"]
[EventType "swiss"]
[EventRounds "7"]
[EventCountry "GCI"]
[SourceTitle "EXT 2016"]
[Source "ChessBase"]
[SourceDate "2015.10.08"]
[SourceVersion "1"]
[SourceVersionDate "2015.10.08"]
[SourceQuality "1"]

1. Nc3 e6 2. e4 b6 3. d4 Bb7 4. Bd3 c5 5. Be3 cxd4 6. Bxd4 Nc6 7. Be3 Nf6 8. h3 Bb4 9. Nge2 0-0 10. 0-0 Rc8 11. a3 Be7 12. f4 d5 13. exd5 Nxd5 14. Nxd5 Qxd5 15. Nc3 Qd8 16. f5 Bg5 17. Qd2 Bxe3+ 18. Qxe3 Qd4 19. Qxd4 Nxd4 20. fxe6 fxe6 21. Rxf8+ Rxf8 22. Rf1 Rd8 23. Kh2 h6 24. Nd1 g5 25. Rf6 e5 26. Ne3 Ba8 27. c3 Nf3+ 28. gxf3 Rxd3 29. Nc4 Kg7 30. Rf7+ Kxf7 31. Nxe5+ Ke6 32. Nxd3 Bxf3 33. Kg3 1/2-1/2

[Event "4NCL-ch rapid"]
[Site "Daventry"]
[Date "2014.10.05"]
[Round "3.12"]
[White "Taylor, Mark V"]
[Black "Turner, Matthew"]
[Result "0-1"]
[WhiteElo "2061"]
[BlackElo "2482"]
[PlyCount "72"]
[EventDate "2014.10.05"]
[EventType "swiss (rapid)"]
[EventRounds "7"]
[EventCountry "ENG"]
[SourceTitle "CBM 162 Extra"]
[Source "ChessBase"]
[SourceDate "2014.10.17"]
[SourceVersion "1"]
[SourceVersionDate "2014.10.17"]
[SourceQuality "1"]

1. d4 Nf6 2. c4 g6 3. Nc3 Bg7 4. e4 d6 5. Nf3 0-0 6. h3 c6 7. Be2 e5 8. d5 cxd5 9. cxd5 Na6 10. Bg5 Qb6 11. Rb1 Bd7 12. 0-0 Nc5 13. Nd2 Rfc8 14. Be3 Qd8 15. b4 Na6 16. Qb3 Qf8 17. Nc4 b6 18. Nxe5 dxe5 19. Bxa6 Rc7 20. Rfc1 Ne8 21. Rc2 Nd6 22. Rbc1 Bh6 23. Ne2 Rxc2 24. Qxc2 Bxe3 25. fxe3 Qh6 26. Qd3 f5 27. Rc7 Rd8 28. Nc3 Qh4 29. exf5 Bxf5 30. Qd2 Rf8 31. a3 Bxh3 32. Rxa7 Bxg2 33. Kxg2 Qg4+ 34. Kh2 Rf3 35. Qg2 Qh4+ 36. Kg1 Rg3 0-1